Harry Potter: les Niffleurs - Statistiques

Statistiques générales
  • Ce quiz a été pris 62 fois
  • Le résultat moyen est 4 sur 8
Statistiques - réponses
Information Réponses % Correct
Propriétaire Norbert Dragonneau
85%
Première apparition Harry Potter et la Coupe de Feu
80%
Dernière apparition Harry Potter et l'Ordre du Phénix
76%
Propriétaire Rubeus Hagrid
63%
Faiblesse Tout se qui brille
54%
Description Poil noir, museau allongé, ressemble un peu à une taupe
28%
"Utilisation" Chercher des trésors
17%
Nombre de petits par portée 6 à 8
7%
Aucun quiz correspondant
Distribution des résultats
% des personnes avec chaque résultat
Percentile par nombre de réponses
Votre historique - résultats
Vous n’avez pas pris ce quiz